[Event "DEM U10 2024"]
[Site "Willingen GER"]
[Date "2024.05.22"]
[Round "7"]
[White "Müller, Konstantin"]
[Black "Braren, Ove Neelis"]
[Result "1/2-1/2"]
[Termination "normal"]
[Board "4"]
[WhiteElo "1851"]
[BlackElo "1672"]
[WhiteClock "00:13:39"]
[BlackClock "00:11:22"]
[PlyCount "69"]
[WhiteFideId "34661778"]
[BlackFideId "34663770"]
[EventCountry "GER"]
[EventRounds "11"]
[EventType "swiss"]
[EventDate "2024.05.18"]

1. e4 {[%clk 01:15:58]} {[%emt 00:00:02]} e5 {[%clk 01:15:56]} {[%emt
00:00:04]} 2. Nf3 {[%clk 01:16:25]} {[%emt 00:00:03]} Nc6 {[%clk 01:16:20]}
{[%emt 00:00:07]} 3. Bc4 {[%clk 01:16:52]} {[%emt 00:00:02]} Nf6 {[%clk
01:16:41]} {[%emt 00:00:08]} 4. d3 {[%clk 01:17:20]} {[%emt 00:00:03]} Bc5
{[%clk 01:17:02]} {[%emt 00:00:09]} 5. c3 {[%clk 01:17:30]} {[%emt 00:00:20]}
a6 {[%clk 01:17:18]} {[%emt 00:00:14]} 6. O-O {[%clk 01:17:19]} {[%emt
00:00:41]} h6 {[%clk 01:17:35]} {[%emt 00:00:12]} 7. Re1 {[%clk 01:17:18]}
{[%emt 00:00:32]} d6 {[%clk 01:16:58]} {[%emt 00:01:07]} 8. Bb3 {[%clk
01:16:43]} {[%emt 00:01:06]} Ba7 {[%clk 01:15:02]} {[%emt 00:02:25]} 9. Nbd2
{[%clk 01:16:33]} {[%emt 00:00:40]} O-O {[%clk 01:13:31]} {[%emt 00:02:00]} 10.
h3 {[%clk 01:16:21]} {[%emt 00:00:42]} Re8 {[%clk 01:10:11]} {[%emt 00:03:51]}
11. Nf1 {[%clk 01:16:31]} {[%emt 00:00:20]} Be6 {[%clk 01:09:17]} {[%emt
00:01:24]} 12. Bc2 {[%clk 01:15:27]} {[%emt 00:01:34]} d5 {[%clk 01:03:36]}
{[%emt 00:06:11]} 13. exd5 {[%clk 01:13:08]} {[%emt 00:02:49]} Bxd5 {[%clk
01:02:08]} {[%emt 00:01:57]} 14. Ng3 {[%clk 01:10:06]} {[%emt 00:03:32]} Qd7
{[%clk 00:56:22]} {[%emt 00:06:15]} 15. Be3 {[%clk 01:05:13]} {[%emt 00:05:25]}
Bxe3 {[%clk 00:48:36]} {[%emt 00:08:15]} 16. Rxe3 {[%clk 01:05:34]} {[%emt
00:00:10]} Rad8 {[%clk 00:48:11]} {[%emt 00:00:54]} 17. Ne4 {[%clk 00:50:28]}
{[%emt 00:15:37]} Nxe4 {[%clk 00:42:50]} {[%emt 00:05:51]} 18. dxe4 {[%clk
00:50:42]} {[%emt 00:00:16]} Be6 {[%clk 00:43:14]} {[%emt 00:00:07]} 19. Rd3
{[%clk 00:46:40]} {[%emt 00:04:31]} Qe7 {[%clk 00:41:58]} {[%emt 00:01:46]} 20.
Rxd8 {[%clk 00:45:34]} {[%emt 00:01:37]} Rxd8 {[%clk 00:42:14]} {[%emt
00:00:13]} 21. Qe2 {[%clk 00:45:45]} {[%emt 00:00:19]} Rd6 {[%clk 00:37:39]}
{[%emt 00:05:04]} 22. a4 {[%clk 00:43:06]} {[%emt 00:03:10]} f6 {[%clk
00:33:02]} {[%emt 00:05:07]} 23. b4 {[%clk 00:41:00]} {[%emt 00:02:36]} Qd8
{[%clk 00:26:39]} {[%emt 00:06:53]} 24. Rd1 {[%clk 00:31:35]} {[%emt 00:09:55]}
Rxd1+ {[%clk 00:25:22]} {[%emt 00:01:46]} 25. Bxd1 {[%clk 00:30:18]} {[%emt
00:01:48]} b6 {[%clk 00:20:04]} {[%emt 00:05:48]} 26. Bc2 {[%clk 00:26:37]}
{[%emt 00:04:11]} a5 {[%clk 00:19:12]} {[%emt 00:01:22]} 27. b5 {[%clk
00:24:21]} {[%emt 00:02:45]} Ne7 {[%clk 00:18:26]} {[%emt 00:01:17]} 28. Bd3
{[%clk 00:23:14]} {[%emt 00:01:37]} Ng6 {[%clk 00:16:26]} {[%emt 00:02:30]} 29.
Bc4 {[%clk 00:21:49]} {[%emt 00:01:55]} Nf4 {[%clk 00:13:48]} {[%emt 00:03:07]}
30. Bxe6+ {[%clk 00:21:37]} {[%emt 00:00:42]} Nxe6 {[%clk 00:14:13]} {[%emt
00:00:06]} 31. Qc4 {[%clk 00:20:07]} {[%emt 00:02:00]} Qd7 {[%clk 00:13:52]}
{[%emt 00:00:51]} 32. g3 {[%clk 00:18:34]} {[%emt 00:02:02]} Kf8 {[%clk
00:12:45]} {[%emt 00:01:37]} 33. Nh4 {[%clk 00:17:45]} {[%emt 00:01:20]} Qd1+
{[%clk 00:11:09]} {[%emt 00:02:06]} 34. Kg2 {[%clk 00:17:45]} {[%emt 00:00:30]}
Qd7 {[%clk 00:11:22]} {[%emt 00:00:16]} 35. Kf1 {[%clk 00:13:39]} {[%emt
00:04:36]} 1/2-1/2

[Event "DEM U10 2024"]
[Site "Willingen GER"]
[Date "2024.05.22"]
[Round "7"]
[White "Sauer, Ben"]
[Black "Naumann, Lennart"]
[Result "0-1"]
[Termination "normal"]
[Board "5"]
[WhiteElo "1626"]
[BlackElo "1707"]
[WhiteClock "00:00:36"]
[BlackClock "00:03:14"]
[PlyCount "105"]
[WhiteFideId "34606866"]
[BlackFideId "34644830"]
[EventCountry "GER"]
[EventRounds "11"]
[EventType "swiss"]
[EventDate "2024.05.18"]

1. e4 {[%clk 01:15:59]} c6 {[%clk 01:15:56]} {[%emt 00:00:05]} 2. d4 {[%clk
01:16:20]} {[%emt 00:00:09]} d5 {[%clk 01:16:20]} {[%emt 00:00:05]} 3. exd5
{[%clk 01:16:41]} {[%emt 00:00:09]} cxd5 {[%clk 01:16:42]} {[%emt 00:00:08]} 4.
Bd3 {[%clk 01:16:58]} {[%emt 00:00:13]} Nc6 {[%clk 01:17:06]} {[%emt 00:00:06]}
5. c3 {[%clk 01:16:58]} {[%emt 00:00:30]} Qc7 {[%clk 01:17:27]} {[%emt
00:00:08]} 6. h3 {[%clk 01:16:44]} {[%emt 00:00:45]} e6 {[%clk 01:17:33]}
{[%emt 00:00:23]} 7. Nf3 {[%clk 01:16:52]} {[%emt 00:00:23]} Bd6 {[%clk
01:17:54]} {[%emt 00:00:08]} 8. O-O {[%clk 01:17:14]} {[%emt 00:00:08]} Nge7
{[%clk 01:18:09]} {[%emt 00:00:15]} 9. Re1 {[%clk 01:16:38]} {[%emt 00:01:07]}
O-O {[%clk 01:17:00]} {[%emt 00:01:38]} 10. Qe2 {[%clk 01:15:36]} {[%emt
00:01:32]} a6 {[%clk 01:16:59]} {[%emt 00:00:31]} 11. Nbd2 {[%clk 00:57:37]}
{[%emt 00:18:29]} Ng6 {[%clk 01:14:34]} {[%emt 00:02:56]} 12. Bxg6 {[%clk
00:44:18]} {[%emt 00:13:49]} hxg6 {[%clk 01:13:57]} {[%emt 00:01:04]} 13. Ne5
{[%clk 00:43:06]} {[%emt 00:01:45]} Nxe5 {[%clk 01:10:06]} {[%emt 00:04:20]}
14. dxe5 {[%clk 00:43:04]} {[%emt 00:00:33]} Bc5 {[%clk 01:10:27]} {[%emt
00:00:08]} 15. Nf3 {[%clk 00:41:22]} {[%emt 00:02:13]} b5 {[%clk 01:08:15]}
{[%emt 00:02:41]} 16. Be3 {[%clk 00:40:02]} {[%emt 00:01:51]} Be7 {[%clk
01:06:34]} {[%emt 00:02:10]} 17. Bf4 {[%clk 00:35:33]} {[%emt 00:04:59]} Bb7
{[%clk 01:06:02]} {[%emt 00:01:01]} 18. Qd3 {[%clk 00:32:26]} {[%emt 00:03:39]}
Rac8 {[%clk 01:04:11]} {[%emt 00:02:20]} 19. Rac1 {[%clk 00:30:19]} {[%emt
00:02:37]} Qd7 {[%clk 01:03:06]} {[%emt 00:01:36]} 20. Be3 {[%clk 00:22:43]}
{[%emt 00:08:06]} Rc6 {[%clk 01:01:22]} {[%emt 00:02:14]} 21. Re2 {[%clk
00:18:52]} {[%emt 00:04:21]} Rfc8 {[%clk 00:56:51]} {[%emt 00:05:00]} 22. Rec2
{[%clk 00:18:41]} {[%emt 00:00:42]} Qd8 {[%clk 00:51:29]} {[%emt 00:05:51]} 23.
b4 {[%clk 00:14:14]} {[%emt 00:04:57]} R8c7 {[%clk 00:48:43]} {[%emt 00:03:16]}
24. Bd4 {[%clk 00:12:41]} {[%emt 00:02:03]} Qc8 {[%clk 00:47:39]} {[%emt
00:01:34]} 25. Ne1 {[%clk 00:12:33]} {[%emt 00:00:39]} Rc4 {[%clk 00:47:04]}
{[%emt 00:01:04]} 26. f3 {[%clk 00:10:37]} {[%emt 00:02:27]} Bg5 {[%clk
00:43:01]} {[%emt 00:04:31]} 27. Rb1 {[%clk 00:09:32]} {[%emt 00:01:36]} Bh4
{[%clk 00:36:18]} {[%emt 00:07:14]} 28. Bc5 {[%clk 00:07:00]} {[%emt 00:03:02]}
Be7 {[%clk 00:34:46]} {[%emt 00:02:01]} 29. Bxe7 {[%clk 00:06:47]} {[%emt
00:00:44]} Rxe7 {[%clk 00:34:11]} {[%emt 00:01:04]} 30. Rbc1 {[%clk 00:05:47]}
{[%emt 00:01:31]} Rec7 {[%clk 00:32:56]} {[%emt 00:01:44]} 31. Qd2 {[%clk
00:05:57]} {[%emt 00:00:21]} R7c6 {[%clk 00:25:00]} {[%emt 00:08:26]} 32. g3
{[%clk 00:05:35]} {[%emt 00:00:52]} Qc7 {[%clk 00:22:37]} {[%emt 00:02:52]} 33.
f4 {[%clk 00:05:08]} {[%emt 00:00:57]} Qb6+ {[%clk 00:18:42]} {[%emt 00:04:25]}
34. Kf1 {[%clk 00:02:47]} {[%emt 00:02:51]} Re4 {[%clk 00:17:01]} {[%emt
00:02:12]} 35. Nd3 {[%clk 00:01:40]} {[%emt 00:01:37]} Re3 {[%clk 00:16:50]}
{[%emt 00:00:41]} 36. Nc5 {[%clk 00:01:46]} {[%emt 00:00:23]} Rxg3 {[%clk
00:13:48]} {[%emt 00:03:32]} 37. Qh2 {[%clk 00:01:31]} {[%emt 00:00:46]} Re3
{[%clk 00:12:52]} {[%emt 00:01:25]} 38. Kf2 {[%clk 00:01:45]} {[%emt 00:00:17]}
Re4 {[%clk 00:12:28]} {[%emt 00:00:54]} 39. Kf1 {[%clk 00:00:54]} {[%emt
00:01:21]} Rc4 {[%clk 00:12:12]} {[%emt 00:00:46]} 40. Qd2 {[%clk 00:00:58]}
{[%emt 00:00:26]} Qc7 {[%clk 00:11:29]} {[%emt 00:01:12]} 41. Nb3 {[%clk
00:14:57]} {[%emt 00:01:32]} Rb6 {[%clk 00:17:28]} {[%emt 00:09:31]} 42. Nc5
{[%clk 00:14:24]} {[%emt 00:01:03]} Qe7 {[%clk 00:16:51]} {[%emt 00:00:58]} 43.
Qf2 {[%clk 00:12:52]} {[%emt 00:02:10]} g5 {[%clk 00:16:33]} {[%emt 00:00:47]}
44. fxg5 {[%clk 00:09:37]} {[%emt 00:03:46]} Qxg5 {[%clk 00:16:29]} {[%emt
00:00:35]} 45. Nd3 {[%clk 00:09:11]} {[%emt 00:00:56]} Rbc6 {[%clk 00:10:29]}
{[%emt 00:06:29]} 46. Qe1 {[%clk 00:01:16]} {[%emt 00:08:25]} Qf5+ {[%clk
00:09:48]} {[%emt 00:01:12]} 47. Nf2 {[%clk 00:01:14]} {[%emt 00:00:32]} d4
{[%clk 00:08:24]} {[%emt 00:01:53]} 48. a3 {[%clk 00:00:33]} {[%emt 00:01:12]}
d3 {[%clk 00:04:32]} {[%emt 00:04:22]} 49. Rb2 {[%clk 00:00:34]} {[%emt
00:00:29]} Rf4 {[%clk 00:04:04]} {[%emt 00:00:57]} 50. Rd2 {[%clk 00:00:39]}
{[%emt 00:00:26]} Qxh3+ {[%clk 00:03:41]} {[%emt 00:00:52]} 51. Kg1 {[%clk
00:01:07]} {[%emt 00:00:02]} Qg3+ {[%clk 00:03:41]} {[%emt 00:00:29]} 52. Kf1
{[%clk 00:00:50]} {[%emt 00:00:48]} Rxc3 {[%clk 00:03:14]} {[%emt 00:00:57]}
53. Rxc3 {[%clk 00:00:36]} {[%emt 00:00:45]} 0-1

[Event "DEM U10 2024"]
[Site "Willingen GER"]
[Date "2024.05.22"]
[Round "7"]
[White "Aguike, Toshiya"]
[Black "Fattori Dittmar, Luca"]
[Result "1-0"]
[Termination "normal"]
[Board "6"]
[WhiteElo "1786"]
[BlackElo "1782"]
[WhiteClock "01:03:19"]
[BlackClock "00:57:49"]
[PlyCount "83"]
[WhiteFideId "34611347"]
[BlackFideId "34678883"]
[EventCountry "GER"]
[EventRounds "11"]
[EventType "swiss"]
[EventDate "2024.05.18"]

1. e4 {[%clk 01:15:55]} {[%emt 00:00:04]} e5 {[%clk 01:15:49]} {[%emt
00:00:11]} 2. Nf3 {[%clk 01:16:18]} {[%emt 00:00:07]} Nc6 {[%clk 01:16:06]}
{[%emt 00:00:14]} 3. Bc4 {[%clk 01:16:40]} {[%emt 00:00:05]} Bc5 {[%clk
01:16:27]} {[%emt 00:00:11]} 4. c3 {[%clk 01:17:05]} {[%emt 00:00:05]} Nf6
{[%clk 01:16:49]} {[%emt 00:00:08]} 5. d4 {[%clk 01:17:09]} {[%emt 00:00:26]}
exd4 {[%clk 01:17:08]} {[%emt 00:00:12]} 6. e5 {[%clk 01:17:21]} {[%emt
00:00:17]} d5 {[%clk 01:17:23]} {[%emt 00:00:15]} 7. Bb5 {[%clk 01:17:46]}
{[%emt 00:00:05]} Ne4 {[%clk 01:17:39]} {[%emt 00:00:14]} 8. cxd4 {[%clk
01:18:10]} {[%emt 00:00:07]} Bb4+ {[%clk 01:16:51]} {[%emt 00:01:18]} 9. Bd2
{[%clk 01:17:59]} {[%emt 00:00:40]} Bxd2+ {[%clk 01:16:50]} {[%emt 00:00:32]}
10. Nbxd2 {[%clk 01:18:16]} {[%emt 00:00:11]} Nxd2 {[%clk 01:16:56]} {[%emt
00:00:26]} 11. Qxd2 {[%clk 01:18:39]} {[%emt 00:00:06]} Bd7 {[%clk 01:16:41]}
{[%emt 00:00:45]} 12. O-O {[%clk 01:17:13]} {[%emt 00:01:55]} O-O {[%clk
01:16:45]} {[%emt 00:00:27]} 13. Bd3 {[%clk 01:17:31]} {[%emt 00:00:12]} f6
{[%clk 01:15:25]} {[%emt 00:01:50]} 14. Rac1 {[%clk 01:16:22]} {[%emt
00:01:37]} Bg4 {[%clk 01:13:57]} {[%emt 00:02:01]} 15. exf6 {[%clk 01:13:38]}
{[%emt 00:03:14]} Qxf6 {[%clk 01:13:30]} {[%emt 00:00:57]} 16. Ne5 {[%clk
01:10:11]} {[%emt 00:03:52]} Nxe5 {[%clk 01:09:13]} {[%emt 00:04:51]} 17. dxe5
{[%clk 01:10:08]} {[%emt 00:00:34]} Qxe5 {[%clk 01:09:02]} {[%emt 00:00:41]}
18. Qc2 {[%clk 01:10:15]} {[%emt 00:00:21]} h6 {[%clk 01:06:48]} {[%emt
00:02:44]} 19. Qxc7 {[%clk 01:09:48]} {[%emt 00:00:58]} Qg5 {[%clk 01:03:13]}
{[%emt 00:04:06]} 20. Qg3 {[%clk 01:00:42]} {[%emt 00:09:32]} Qf4 {[%clk
00:58:35]} {[%emt 00:05:11]} 21. Qxf4 {[%clk 00:58:48]} {[%emt 00:02:24]} Rxf4
{[%clk 00:58:43]} {[%emt 00:00:22]} 22. f3 {[%clk 00:58:39]} {[%emt 00:00:39]}
Bf5 {[%clk 00:57:41]} {[%emt 00:01:31]} 23. Rfd1 {[%clk 00:58:20]} {[%emt
00:00:50]} Rc8 {[%clk 00:54:25]} {[%emt 00:03:46]} 24. Bxf5 {[%clk 00:58:34]}
{[%emt 00:00:16]} Rxc1 {[%clk 00:54:39]} {[%emt 00:00:16]} 25. Be6+ {[%clk
00:59:01]} {[%emt 00:00:04]} Kf8 {[%clk 00:54:28]} {[%emt 00:00:40]} 26. Rxc1
{[%clk 00:59:25]} {[%emt 00:00:06]} d4 {[%clk 00:54:19]} {[%emt 00:00:40]} 27.
Kf2 {[%clk 00:59:31]} {[%emt 00:00:23]} d3 {[%clk 00:54:25]} {[%emt 00:00:24]}
28. Ke3 {[%clk 00:59:36]} {[%emt 00:00:25]} Rf6 {[%clk 00:54:43]} {[%emt
00:00:12]} 29. Bb3 {[%clk 00:59:53]} {[%emt 00:00:12]} Rd6 {[%clk 00:54:53]}
{[%emt 00:00:21]} 30. Rd1 {[%clk 01:00:18]} {[%emt 00:00:06]} d2 {[%clk
00:55:19]} {[%emt 00:00:04]} 31. Rxd2 {[%clk 01:00:46]} {[%emt 00:00:03]} Rxd2
{[%clk 00:55:13]} {[%emt 00:00:35]} 32. Kxd2 {[%clk 01:01:03]} {[%emt
00:00:12]} Ke7 {[%clk 00:55:39]} {[%emt 00:00:04]} 33. Kd3 {[%clk 01:01:31]}
{[%emt 00:00:02]} Kd6 {[%clk 00:56:01]} {[%emt 00:00:08]} 34. Kd4 {[%clk
01:02:00]} b6 {[%clk 00:55:49]} {[%emt 00:00:43]} 35. f4 {[%clk 01:01:00]}
{[%emt 00:01:30]} h5 {[%clk 00:55:59]} {[%emt 00:00:19]} 36. h3 {[%clk
01:01:13]} {[%emt 00:00:16]} h4 {[%clk 00:56:23]} {[%emt 00:00:07]} 37. Bd5
{[%clk 01:01:32]} {[%emt 00:00:10]} a5 {[%clk 00:56:44]} {[%emt 00:00:10]} 38.
a4 {[%clk 01:01:59]} {[%emt 00:00:04]} Ke7 {[%clk 00:56:59]} {[%emt 00:00:15]}
39. Ke5 {[%clk 01:02:23]} {[%emt 00:00:05]} g6 {[%clk 00:57:06]} {[%emt
00:00:23]} 40. b3 {[%clk 01:02:42]} {[%emt 00:00:12]} Kd7 {[%clk 00:57:26]}
{[%emt 00:00:10]} 41. Kf6 {[%clk 01:03:01]} {[%emt 00:00:11]} Kd6 {[%clk
00:57:49]} {[%emt 00:00:07]} 42. Be6 {[%clk 01:03:19]} {[%emt 00:00:11]} 1-0

[Event "DEM U10 2024"]
[Site "Willingen GER"]
[Date "2024.05.22"]
[Round "7"]
[White "Cremann, Jannis"]
[Black "Meitzner, Jonathan Franz"]
[Result "1/2-1/2"]
[Termination "normal"]
[Board "7"]
[WhiteElo "1633"]
[BlackElo "1730"]
[WhiteClock "01:07:40"]
[BlackClock "00:35:29"]
[PlyCount "60"]
[WhiteFideId "34660178"]
[BlackFideId "34616110"]
[EventCountry "GER"]
[EventRounds "11"]
[EventType "swiss"]
[EventDate "2024.05.18"]

1. c4 {[%clk 01:15:58]} {[%emt 00:00:01]} e5 {[%clk 01:15:42]} {[%emt
00:00:19]} 2. g3 {[%clk 01:16:10]} {[%emt 00:00:17]} Nc6 {[%clk 01:15:09]}
{[%emt 00:01:04]} 3. Bg2 {[%clk 01:16:24]} {[%emt 00:00:15]} g6 {[%clk
01:15:10]} {[%emt 00:00:30]} 4. Nc3 {[%clk 01:16:25]} {[%emt 00:00:28]} Bg7
{[%clk 01:15:27]} {[%emt 00:00:14]} 5. e3 {[%clk 01:15:29]} {[%emt 00:01:25]}
Nge7 {[%clk 01:14:55]} {[%emt 00:01:02]} 6. Nge2 {[%clk 01:14:09]} {[%emt
00:01:50]} Nf5 {[%clk 01:15:00]} {[%emt 00:00:25]} 7. O-O {[%clk 01:13:22]}
{[%emt 00:01:16]} d6 {[%clk 01:14:26]} {[%emt 00:01:05]} 8. b3 {[%clk
01:13:15]} {[%emt 00:00:37]} Be6 {[%clk 01:13:11]} {[%emt 00:01:46]} 9. Bb2
{[%clk 01:11:37]} {[%emt 00:02:07]} h5 {[%clk 01:07:46]} {[%emt 00:05:56]} 10.
e4 {[%clk 01:10:50]} {[%emt 00:01:17]} Nfd4 {[%clk 01:06:51]} {[%emt 00:01:25]}
11. Nxd4 {[%clk 01:10:49]} {[%emt 00:00:30]} Nxd4 {[%clk 01:07:12]} {[%emt
00:00:10]} 12. Ne2 {[%clk 01:10:27]} {[%emt 00:00:51]} c5 {[%clk 01:03:04]}
{[%emt 00:04:39]} 13. Nxd4 {[%clk 01:10:13]} {[%emt 00:00:43]} cxd4 {[%clk
01:03:03]} {[%emt 00:00:31]} 14. h3 {[%clk 01:09:28]} {[%emt 00:01:14]} Qd7
{[%clk 01:03:02]} {[%emt 00:00:32]} 15. Kh2 {[%clk 01:09:29]} {[%emt 00:00:29]}
h4 {[%clk 01:00:07]} {[%emt 00:03:25]} 16. g4 {[%clk 01:09:20]} {[%emt
00:00:38]} Bh6 {[%clk 00:59:27]} {[%emt 00:01:11]} 17. f3 {[%clk 01:09:25]}
{[%emt 00:00:25]} Bf4+ {[%clk 00:59:33]} {[%emt 00:00:24]} 18. Kg1 {[%clk
01:09:26]} {[%emt 00:00:22]} Qc6 {[%clk 00:56:39]} {[%emt 00:03:31]} 19. d3
{[%clk 01:09:02]} {[%emt 00:00:54]} f6 {[%clk 00:53:29]} {[%emt 00:03:40]} 20.
Bc1 {[%clk 01:08:35]} {[%emt 00:00:57]} Bxc1 {[%clk 00:50:36]} {[%emt
00:03:23]} 21. Qxc1 {[%clk 01:08:40]} {[%emt 00:00:25]} g5 {[%clk 00:50:08]}
{[%emt 00:00:58]} 22. Qb2 {[%clk 01:08:48]} {[%emt 00:00:22]} Qa6 {[%clk
00:44:11]} {[%emt 00:06:26]} 23. a4 {[%clk 01:08:53]} {[%emt 00:00:26]} Kf7
{[%clk 00:41:50]} {[%emt 00:02:50]} 24. Qa3 {[%clk 01:07:43]} {[%emt 00:01:41]}
Qc6 {[%clk 00:40:34]} {[%emt 00:01:43]} 25. Rfc1 {[%clk 01:07:49]} {[%emt
00:00:27]} b6 {[%clk 00:40:04]} {[%emt 00:00:59]} 26. Ra2 {[%clk 01:07:43]}
{[%emt 00:00:37]} a5 {[%clk 00:39:11]} {[%emt 00:01:24]} 27. Rac2 {[%clk
01:07:15]} {[%emt 00:00:57]} Qc5 {[%clk 00:38:42]} {[%emt 00:00:59]} 28. Qb2
{[%clk 01:07:35]} {[%emt 00:00:10]} Rhc8 {[%clk 00:38:04]} {[%emt 00:01:07]}
29. Bf1 {[%clk 01:07:33]} {[%emt 00:00:32]} Rc7 {[%clk 00:37:56]} {[%emt
00:00:39]} 30. Kf2 {[%clk 01:07:40]} {[%emt 00:00:23]} Bd7 {[%clk 00:35:29]}
{[%emt 00:02:58]} 1/2-1/2

[Event "DEM U10 2024"]
[Site "Willingen GER"]
[Date "2024.05.22"]
[Round "7"]
[White "Shivkumar, Shreyas"]
[Black "Stojanoski, Stefan"]
[Result "1/2-1/2"]
[Termination "normal"]
[Board "8"]
[WhiteElo "1728"]
[BlackElo "1638"]
[WhiteClock "00:55:01"]
[BlackClock "00:23:43"]
[PlyCount "70"]
[WhiteFideId "34638407"]
[BlackFideId "34632948"]
[EventCountry "GER"]
[EventRounds "11"]
[EventType "swiss"]
[EventDate "2024.05.18"]

1. e4 {[%clk 01:15:56]} {[%emt 00:00:03]} e5 {[%clk 01:12:01]} {[%emt
00:04:00]} 2. Nf3 {[%clk 01:16:08]} {[%emt 00:00:17]} Nc6 {[%clk 01:12:27]}
{[%emt 00:00:05]} 3. Bc4 {[%clk 01:16:31]} {[%emt 00:00:07]} Bc5 {[%clk
01:12:52]} {[%emt 00:00:05]} 4. b4 {[%clk 01:16:53]} {[%emt 00:00:09]} Bb6
{[%clk 01:12:36]} {[%emt 00:00:45]} 5. b5 {[%clk 01:16:13]} {[%emt 00:01:12]}
Na5 {[%clk 01:12:56]} {[%emt 00:00:09]} 6. Bd5 {[%clk 01:14:54]} {[%emt
00:01:48]} c6 {[%clk 01:13:13]} {[%emt 00:00:13]} 7. bxc6 {[%clk 01:15:19]}
{[%emt 00:00:05]} dxc6 {[%clk 01:13:30]} {[%emt 00:00:14]} 8. Bb3 {[%clk
01:15:30]} {[%emt 00:00:19]} Bc7 {[%clk 01:13:08]} {[%emt 00:00:51]} 9. O-O
{[%clk 01:15:26]} {[%emt 00:00:34]} Nf6 {[%clk 01:13:31]} {[%emt 00:00:07]} 10.
Bb2 {[%clk 01:15:28]} {[%emt 00:00:29]} Qe7 {[%clk 01:12:24]} {[%emt 00:01:37]}
11. d4 {[%clk 01:14:01]} {[%emt 00:01:56]} exd4 {[%clk 01:12:47]} {[%emt
00:00:07]} 12. Qxd4 {[%clk 01:14:18]} {[%emt 00:00:14]} O-O {[%clk 01:12:41]}
{[%emt 00:00:36]} 13. e5 {[%emt 00:00:32]} Nd7 {[%clk 00:59:45]} {[%emt
00:13:24]} 14. e6 {[%clk 01:14:31]} {[%emt 00:00:17]} fxe6 {[%clk 00:59:55]}
{[%emt 00:00:20]} 15. Qg4 {[%clk 01:13:07]} {[%emt 00:01:54]} Nxb3 {[%clk
00:57:05]} {[%emt 00:03:20]} 16. axb3 {[%clk 01:13:24]} {[%emt 00:00:13]} Rf4
{[%clk 00:57:19]} {[%emt 00:00:15]} 17. Qg3 {[%clk 01:13:21]} {[%emt 00:00:33]}
Bb8 {[%clk 00:51:08]} {[%emt 00:06:40]} 18. Nfd2 {[%clk 01:09:36]} {[%emt
00:04:16]} Rh4 {[%clk 00:46:49]} {[%emt 00:04:49]} 19. f4 {[%clk 01:09:59]}
{[%emt 00:00:07]} Rh6 {[%clk 00:39:04]} {[%emt 00:08:16]} 20. Nc4 {[%clk
01:05:07]} {[%emt 00:05:22]} Rg6 {[%clk 00:37:22]} {[%emt 00:02:11]} 21. Qe3
{[%clk 01:04:42]} {[%emt 00:00:54]} Qh4 {[%clk 00:34:18]} {[%emt 00:03:35]} 22.
Ne5 {[%clk 01:03:04]} {[%emt 00:02:09]} Nxe5 {[%clk 00:34:02]} {[%emt
00:00:44]} 23. fxe5 {[%clk 01:03:23]} {[%emt 00:00:12]} Bc7 {[%clk 00:31:53]}
{[%emt 00:02:39]} 24. Ba3 {[%clk 01:02:32]} {[%emt 00:01:22]} Bd7 {[%clk
00:30:17]} {[%emt 00:02:06]} 25. Qf3 {[%clk 01:02:54]} {[%emt 00:00:08]} Qd4+
{[%clk 00:29:21]} {[%emt 00:01:25]} 26. Kh1 {[%clk 01:03:05]} {[%emt 00:00:19]}
h6 {[%clk 00:27:42]} {[%emt 00:02:09]} 27. c3 {[%clk 01:01:56]} {[%emt
00:01:40]} Qg4 {[%clk 00:27:59]} {[%emt 00:00:13]} 28. Qxg4 {[%clk 00:54:46]}
{[%emt 00:07:40]} Rxg4 {[%clk 00:28:21]} {[%emt 00:00:07]} 29. Rd1 {[%clk
00:54:58]} {[%emt 00:00:18]} Re4 {[%clk 00:23:47]} {[%emt 00:05:04]} 30. g3
{[%clk 00:54:41]} {[%emt 00:00:47]} Be8 {[%clk 00:24:05]} {[%emt 00:00:12]} 31.
Bd6 {[%clk 00:55:02]} {[%emt 00:00:10]} Bxd6 {[%clk 00:24:26]} {[%emt
00:00:08]} 32. exd6 {[%clk 00:55:19]} {[%emt 00:00:14]} Bh5 {[%clk 00:24:47]}
{[%emt 00:00:09]} 33. Rd3 {[%clk 00:55:08]} {[%emt 00:00:40]} Bg6 {[%clk
00:24:59]} {[%emt 00:00:18]} 34. Rd1 {[%clk 00:55:19]} {[%emt 00:00:20]} Re5
{[%clk 00:24:05]} {[%emt 00:01:24]} 35. c4 {[%clk 00:55:01]} {[%emt 00:00:48]}
a6 {[%clk 00:23:43]} {[%emt 00:00:52]} 1/2-1/2